000 00284nam a22001337a 4500
008 210323b ||||| |||| 00| 0 eng d
041 _aeng
080 _a7
082 _a7
100 _a44
101 _aART
245 _aGrace The American Vogue Years
_cMeisel,S
942 _2udc
_cBK
999 _c56687
_d56687